|
|
|
|
| LEADER |
02750nam a2200661 a 4500 |
| 001 |
nkc20102108686 |
| 003 |
CZ PrNK |
| 005 |
20100913084643.0 |
| 007 |
ta |
| 008 |
100528s2009 xr a f 001 0 cze |
| 015 |
|
|
|a cnb002108686
|
| 020 |
|
|
|a 978-80-7315-179-9
|q (brož.)
|
| 035 |
|
|
|a (OCoLC)670479279
|
| 040 |
|
|
|a OLA001
|b cze
|d ABA001
|
| 041 |
0 |
|
|a cze
|b eng
|
| 043 |
|
|
|a e-xr---
|
| 045 |
|
|
|a y0y0
|
| 072 |
|
7 |
|a 373.5
|x Střední školy
|2 Konspekt
|9 22
|
| 080 |
|
|
|a 373.3-057.8
|2 MRF
|
| 080 |
|
|
|a 331.54
|2 MRF
|
| 080 |
|
|
|a 331.548
|2 MRF
|
| 080 |
|
|
|a 316.34:316.356.2
|2 MRF
|
| 080 |
|
|
|a 373.5/.6+377.1/.3
|2 MRF
|
| 080 |
|
|
|a 001.81/.87
|2 MRF
|
| 080 |
|
|
|a (437.3)
|2 MRF
|
| 080 |
|
|
|a (048.8:082)
|2 MRF
|
| 100 |
1 |
|
|a Walterová, Eliška,
|d 1943-
|7 jk01151406
|4 aut
|
| 245 |
1 |
0 |
|a Přechod žáků ze základní na střední školu :
|b pohledy z výzkumů /
|c Eliška Walterová, David Greger a kol.
|
| 250 |
|
|
|a 1. vyd.
|
| 260 |
|
|
|a Brno :
|b Paido,
|c 2009
|
| 300 |
|
|
|a 107 s. :
|b il. ;
|c 23 cm
|
| 500 |
|
|
|a Pub. vydána v rámci projektu "Rizika a příležitosti přechodu ze základní školy na střední školu"
|
| 500 |
|
|
|a 300 výt.
|
| 504 |
|
|
|a Obsahuje bibliografie, bibliografické odkazy a rejstřík
|
| 546 |
|
|
|a Anglické resumé
|
| 648 |
|
4 |
|a 2006-2008
|
| 650 |
0 |
7 |
|a absolventi základních škol
|7 ph446680
|z Česko
|y 2001-2010
|2 czenas
|
| 650 |
0 |
7 |
|a volba povolání
|7 ph127220
|z Česko
|y 2001-2010
|2 czenas
|
| 650 |
0 |
7 |
|a profesní poradenství
|7 ph124627
|z Česko
|y 2001-2010
|2 czenas
|
| 650 |
0 |
7 |
|a sociální původ
|7 ph196649
|z Česko
|y 2001-2010
|2 czenas
|
| 650 |
0 |
7 |
|a střední školy
|7 ph116320
|z Česko
|y 2001-2010
|2 czenas
|
| 650 |
0 |
7 |
|a výzkumné projekty
|7 ph127480
|z Česko
|y 2001-2010
|2 czenas
|
| 650 |
0 |
9 |
|a elementary school graduates
|z Czechia
|y 2001-2010
|2 eczenas
|
| 650 |
0 |
9 |
|a vocational guidance
|z Czechia
|y 2001-2010
|2 eczenas
|
| 650 |
0 |
9 |
|a vocational counseling
|z Czechia
|y 2001-2010
|2 eczenas
|
| 650 |
0 |
9 |
|a social origin
|z Czechia
|y 2001-2010
|2 eczenas
|
| 650 |
0 |
9 |
|a secondary schools
|z Czechia
|y 2001-2010
|2 eczenas
|
| 650 |
0 |
9 |
|a research projects
|z Czechia
|y 2001-2010
|2 eczenas
|
| 655 |
|
7 |
|a kolektivní monografie
|7 fd501537
|2 czenas
|
| 655 |
|
9 |
|a collective monographs
|2 eczenas
|
| 700 |
1 |
|
|a Greger, David,
|d 1977-
|7 mzk2006337024
|4 aut
|
| 856 |
4 |
1 |
|u http://www.digitalniknihovna.cz/mzk/uuid/uuid:111e0770-51c4-11e7-a7b7-005056827e51
|y Digitalizovaný dokument
|x NDK
|
| 910 |
2 |
|
|a BOA001
|b 2-1247.624
|
| 990 |
|
|
|a BK
|
| 995 |
|
|
|a 01
|
| 991 |
|
|
|b 201008
|c NOV
|e n
|j 373.5/.6 WAL
|
| 996 |
6 |
|
|b 2610444827
|c 2-1247.624
|l MZK
|r Sklad / do 1 hodiny
|n 27
|p p.v.
|w 001137019
|u 000010
|a 1
|e BOA001
|j MZK50
|s P
|
| 996 |
7 |
|
|b 2610444828
|c 2-1247.624
|l MZK
|r Sklad / do 1 hodiny
|n 58
|p p.v.
|w 001137019
|u 000020
|a 1
|e BOA001
|j MZK50
|s A
|